[Event "DEM U14 2024"]
[Site "Willingen GER"]
[Date "2024.05.24"]
[Round "8"]
[White "Martemyanov, Mikhail"]
[Black "Schuricht, Emil Frederick"]
[Result "1/2-1/2"]
[Termination "normal"]
[Board "11"]
[WhiteElo "1720"]
[BlackElo "2027"]
[WhiteClock "00:01:50"]
[BlackClock "00:08:26"]
[PlyCount "107"]
[WhiteFideId "34303774"]
[BlackFideId "16270185"]
[EventCountry "GER"]
[EventRounds "9"]
[EventType "swiss"]
[EventDate "2024.05.18"]

1. e4 {[%clk 01:30:57]} {[%emt 00:00:03]} c6 {[%clk 01:30:57]} {[%emt
00:00:04]} 2. Nf3 {[%clk 01:31:16]} {[%emt 00:00:10]} d5 {[%clk 01:31:23]}
{[%emt 00:00:05]} 3. Nc3 {[%clk 01:31:37]} {[%emt 00:00:08]} dxe4 {[%clk
01:31:48]} {[%emt 00:00:05]} 4. Nxe4 {[%clk 01:31:58]} {[%emt 00:00:08]} Nf6
{[%clk 01:32:14]} {[%emt 00:00:05]} 5. Qe2 {[%clk 01:32:04]} {[%emt 00:00:23]}
Nxe4 {[%clk 01:32:37]} {[%emt 00:00:08]} 6. Qxe4 {[%clk 01:32:27]} {[%emt
00:00:07]} Qa5 {[%clk 01:26:06]} {[%emt 00:07:01]} 7. b4 {[%clk 01:31:37]}
{[%emt 00:01:20]} Qf5 {[%clk 01:26:29]} {[%emt 00:00:07]} 8. Qe3 {[%clk
01:16:11]} {[%emt 00:15:57]} Qe6 {[%clk 01:26:40]} {[%emt 00:00:18]} 9. Be2
{[%clk 01:15:07]} {[%emt 00:01:34]} Qxe3 {[%clk 01:26:50]} {[%emt 00:00:20]}
10. fxe3 {[%clk 01:13:42]} {[%emt 00:01:55]} Nd7 {[%clk 01:06:30]} {[%emt
00:20:49]} 11. a4 {[%clk 01:01:44]} {[%emt 00:12:30]} e5 {[%clk 00:55:30]}
{[%emt 00:11:29]} 12. b5 {[%clk 00:58:15]} {[%emt 00:03:59]} Bd6 {[%clk
00:51:34]} {[%emt 00:04:25]} 13. Bb2 {[%clk 00:48:59]} {[%emt 00:09:47]} O-O
{[%clk 00:49:15]} {[%emt 00:02:49]} 14. O-O {[%clk 00:47:12]} {[%emt 00:02:17]}
Re8 {[%clk 00:47:15]} {[%emt 00:02:30]} 15. Rfe1 {[%clk 00:39:50]} {[%emt
00:07:52]} Nf6 {[%clk 00:43:17]} {[%emt 00:04:27]} 16. bxc6 {[%clk 00:36:23]}
{[%emt 00:03:58]} bxc6 {[%clk 00:43:40]} {[%emt 00:00:06]} 17. Ba3 {[%clk
00:36:09]} {[%emt 00:00:44]} Bc7 {[%clk 00:40:44]} {[%emt 00:03:26]} 18. Bc4
{[%clk 00:32:15]} {[%emt 00:04:24]} Bf5 {[%clk 00:38:15]} {[%emt 00:02:58]} 19.
Bb3 {[%clk 00:28:26]} {[%emt 00:04:20]} h6 {[%clk 00:36:53]} {[%emt 00:01:52]}
20. Rad1 {[%clk 00:26:27]} {[%emt 00:02:29]} Rad8 {[%clk 00:35:47]} {[%emt
00:01:35]} 21. h3 {[%clk 00:22:01]} {[%emt 00:04:56]} Ba5 {[%clk 00:33:48]}
{[%emt 00:02:30]} 22. Rf1 {[%clk 00:20:35]} {[%emt 00:01:56]} Be4 {[%clk
00:32:34]} {[%emt 00:01:44]} 23. d4 {[%clk 00:18:34]} {[%emt 00:02:31]} exd4
{[%clk 00:31:52]} {[%emt 00:01:12]} 24. exd4 {[%clk 00:18:13]} {[%emt
00:00:51]} Bb6 {[%clk 00:26:05]} {[%emt 00:06:17]} 25. c3 {[%clk 00:14:44]}
{[%emt 00:04:00]} Nd5 {[%clk 00:22:57]} {[%emt 00:03:37]} 26. Rc1 {[%clk
00:12:22]} {[%emt 00:02:52]} Nf4 {[%clk 00:21:25]} {[%emt 00:02:02]} 27. Ne5
{[%clk 00:06:33]} {[%emt 00:06:20]} Rxe5 {[%clk 00:10:25]} {[%emt 00:11:30]}
28. Rxf4 {[%clk 00:06:46]} {[%emt 00:00:17]} Bg6 {[%clk 00:10:32]} {[%emt
00:00:21]} 29. Kh1 {[%clk 00:04:28]} {[%emt 00:02:48]} Re3 {[%clk 00:10:34]}
{[%emt 00:00:28]} 30. Rf2 {[%clk 00:02:52]} {[%emt 00:02:08]} Bxd4 {[%clk
00:08:47]} {[%emt 00:02:17]} 31. Rd2 {[%clk 00:01:44]} {[%emt 00:01:37]} Bf6
{[%clk 00:06:20]} {[%emt 00:02:56]} 32. Rxd8+ {[%clk 00:01:38]} {[%emt
00:00:36]} Bxd8 {[%clk 00:06:48]} {[%emt 00:00:02]} 33. Bc5 {[%clk 00:01:26]}
{[%emt 00:00:43]} Re2 {[%clk 00:06:43]} {[%emt 00:00:35]} 34. Bc4 {[%clk
00:00:58]} {[%emt 00:00:59]} Rd2 {[%clk 00:06:15]} {[%emt 00:00:57]} 35. Bxa7
{[%clk 00:00:40]} {[%emt 00:00:49]} Be4 {[%clk 00:06:36]} {[%emt 00:00:07]} 36.
Bf1 {[%clk 00:00:39]} {[%emt 00:00:32]} Kf8 {[%clk 00:04:16]} {[%emt 00:02:50]}
37. Bc5+ {[%clk 00:00:42]} {[%emt 00:00:28]} Ke8 {[%clk 00:04:30]} {[%emt
00:00:15]} 38. Ra1 {[%clk 00:00:37]} {[%emt 00:00:35]} f5 {[%clk 00:02:19]}
{[%emt 00:02:41]} 39. a5 {[%clk 00:00:39]} {[%emt 00:00:28]} Bxa5 {[%clk
00:02:13]} {[%emt 00:00:36]} 40. Rxa5 {[%clk 00:00:32]} {[%emt 00:00:37]} Rd1
{[%clk 00:02:32]} {[%emt 00:00:10]} 41. Kg1 {[%clk 00:25:17]} {[%emt 00:05:45]}
Bd3 {[%clk 00:32:51]} {[%emt 00:00:11]} 42. Ra7 {[%clk 00:21:48]} {[%emt
00:03:59]} Rxf1+ {[%clk 00:32:06]} {[%emt 00:01:15]} 43. Kh2 {[%clk 00:22:13]}
{[%emt 00:00:05]} g5 {[%clk 00:28:53]} {[%emt 00:03:44]} 44. Re7+ {[%clk
00:10:26]} {[%emt 00:12:17]} Kd8 {[%clk 00:27:27]} {[%emt 00:01:55]} 45. Rh7
{[%clk 00:09:18]} {[%emt 00:01:39]} Rc1 {[%clk 00:22:50]} {[%emt 00:05:07]} 46.
Rxh6 {[%clk 00:06:03]} {[%emt 00:03:45]} Be4 {[%clk 00:18:22]} {[%emt
00:04:58]} 47. Rg6 {[%clk 00:04:34]} {[%emt 00:01:59]} Rxc3 {[%clk 00:17:30]}
{[%emt 00:01:22]} 48. Bb6+ {[%clk 00:04:05]} {[%emt 00:00:59]} Ke8 {[%clk
00:16:10]} {[%emt 00:01:48]} 49. Rxg5 {[%clk 00:04:04]} {[%emt 00:00:33]} Rb3
{[%clk 00:14:25]} {[%emt 00:02:14]} 50. Bd4 {[%clk 00:02:47]} {[%emt 00:01:47]}
Rd3 {[%clk 00:11:10]} {[%emt 00:03:46]} 51. Bb6 {[%clk 00:02:41]} {[%emt
00:00:36]} Kf7 {[%clk 00:09:38]} {[%emt 00:02:01]} 52. h4 {[%clk 00:02:19]}
{[%emt 00:00:53]} Kf6 {[%clk 00:08:59]} {[%emt 00:01:08]} 53. Rg8 {[%clk
00:01:50]} {[%emt 00:01:00]} Bd5 {[%clk 00:08:26]} {[%emt 00:01:02]} 54. Rg3
{[%emt 00:01:57]} 1/2-1/2

[Event "DEM U14 2024"]
[Site "Willingen GER"]
[Date "2024.05.24"]
[Round "8"]
[White "Stephanblome, Felix"]
[Black "Burkart, Lloyd Shang"]
[Result "1/2-1/2"]
[Termination "normal"]
[Board "12"]
[WhiteElo "1869"]
[BlackElo "2168"]
[WhiteClock "01:10:07"]
[BlackClock "00:22:14"]
[PlyCount "41"]
[WhiteFideId "34661026"]
[BlackFideId "16239059"]
[EventCountry "GER"]
[EventRounds "9"]
[EventType "swiss"]
[EventDate "2024.05.18"]

1. d4 {[%clk 01:30:58]} {[%emt 00:00:02]} Nf6 {[%clk 01:30:52]} {[%emt
00:00:07]} 2. c4 {[%clk 01:31:25]} {[%emt 00:00:04]} e6 {[%clk 01:31:17]}
{[%emt 00:00:05]} 3. Nc3 {[%clk 01:31:50]} {[%emt 00:00:05]} Bb4 {[%clk
01:31:39]} {[%emt 00:00:09]} 4. Bd2 {[%clk 01:32:14]} {[%emt 00:00:05]} O-O
{[%clk 01:29:52]} {[%emt 00:02:18]} 5. Nf3 {[%clk 01:32:37]} {[%emt 00:00:06]}
b6 {[%clk 01:30:05]} {[%emt 00:00:17]} 6. e3 {[%clk 01:32:50]} {[%emt
00:00:18]} c5 {[%clk 01:29:57]} {[%emt 00:00:37]} 7. a3 {[%clk 01:33:09]}
{[%emt 00:00:11]} Bxc3 {[%clk 01:30:18]} {[%emt 00:00:10]} 8. Bxc3 {[%clk
01:33:34]} {[%emt 00:00:04]} Ne4 {[%clk 01:22:01]} {[%emt 00:08:47]} 9. Rc1
{[%clk 01:33:34]} {[%emt 00:00:31]} Nxc3 {[%clk 01:10:40]} {[%emt 00:11:51]}
10. Rxc3 {[%clk 01:33:41]} {[%emt 00:00:23]} d6 {[%clk 01:10:10]} {[%emt
00:01:00]} 11. Bd3 {[%clk 01:30:28]} {[%emt 00:03:43]} Bb7 {[%clk 01:10:04]}
{[%emt 00:00:36]} 12. O-O {[%clk 01:30:14]} {[%emt 00:00:43]} Nd7 {[%clk
00:58:55]} {[%emt 00:11:40]} 13. Bb1 {[%clk 01:27:21]} {[%emt 00:03:23]} Nf6
{[%clk 00:57:14]} {[%emt 00:02:10]} 14. Re1 {[%clk 01:21:52]} {[%emt 00:05:59]}
Be4 {[%clk 00:50:55]} {[%emt 00:06:49]} 15. Bxe4 {[%clk 01:20:18]} {[%emt
00:02:04]} Nxe4 {[%clk 00:51:17]} {[%emt 00:00:09]} 16. Rd3 {[%clk 01:20:41]}
{[%emt 00:00:05]} Qf6 {[%clk 00:40:32]} {[%emt 00:11:15]} 17. Qe2 {[%clk
01:18:04]} {[%emt 00:03:09]} Rfd8 {[%clk 00:34:55]} {[%emt 00:06:06]} 18. Nd2
{[%clk 01:13:51]} {[%emt 00:04:43]} Nxd2 {[%clk 00:31:53]} {[%emt 00:03:32]}
19. Qxd2 {[%clk 01:13:45]} {[%emt 00:00:37]} Qg5 {[%clk 00:23:02]} {[%emt
00:09:20]} 20. Rd1 {[%clk 01:11:27]} {[%emt 00:02:48]} h6 {[%clk 00:22:14]}
{[%emt 00:01:19]} 21. dxc5 {[%clk 01:10:07]} {[%emt 00:01:50]} 1/2-1/2

[Event "DEM U14 2024"]
[Site "Willingen GER"]
[Date "2024.05.24"]
[Round "8"]
[White "Dodul, Arthur"]
[Black "Schwitkowski, Luka"]
[Result "0-1"]
[Termination "normal"]
[Board "14"]
[WhiteElo "1789"]
[BlackElo "2028"]
[WhiteClock "00:06:34"]
[BlackClock "00:12:10"]
[PlyCount "120"]
[WhiteFideId "34609016"]
[BlackFideId "34610669"]
[EventCountry "GER"]
[EventRounds "9"]
[EventType "swiss"]
[EventDate "2024.05.18"]

1. e4 {[%clk 01:30:57]} {[%emt 00:00:02]} c5 {[%clk 01:30:56]} {[%emt
00:00:04]} 2. c3 {[%clk 01:31:24]} {[%emt 00:00:03]} Nf6 {[%clk 01:31:11]}
{[%emt 00:00:15]} 3. e5 {[%clk 01:31:49]} {[%emt 00:00:06]} Nd5 {[%clk
01:31:37]} {[%emt 00:00:03]} 4. d4 {[%clk 01:32:00]} {[%emt 00:00:19]} cxd4
{[%clk 01:32:02]} {[%emt 00:00:07]} 5. Nf3 {[%clk 01:32:26]} {[%emt 00:00:02]}
Nc6 {[%clk 01:32:25]} {[%emt 00:00:07]} 6. Bc4 {[%clk 01:32:52]} {[%emt
00:00:05]} Nb6 {[%clk 01:32:49]} {[%emt 00:00:05]} 7. Bb3 {[%clk 01:33:18]}
{[%emt 00:00:04]} d5 {[%clk 01:33:12]} {[%emt 00:00:07]} 8. exd6 {[%clk
01:28:59]} {[%emt 00:04:50]} Qxd6 {[%clk 01:26:46]} {[%emt 00:06:54]} 9. O-O
{[%clk 01:26:46]} {[%emt 00:02:44]} Bf5 {[%clk 01:16:36]} {[%emt 00:10:40]} 10.
cxd4 {[%clk 01:25:06]} {[%emt 00:02:11]} Rd8 {[%clk 01:16:29]} {[%emt
00:00:36]} 11. Be3 {[%clk 01:24:43]} {[%emt 00:00:53]} e6 {[%clk 01:16:55]}
{[%emt 00:00:04]} 12. Nc3 {[%clk 01:23:44]} {[%emt 00:01:29]} Be7 {[%clk
01:17:09]} {[%emt 00:00:16]} 13. Qe2 {[%clk 01:19:03]} {[%emt 00:05:11]} O-O
{[%clk 01:15:43]} {[%emt 00:01:56]} 14. Rfd1 {[%clk 01:16:22]} {[%emt
00:03:12]} Nb4 {[%clk 01:15:20]} {[%emt 00:00:53]} 15. Ne5 {[%clk 01:13:37]}
{[%emt 00:03:15]} N4d5 {[%clk 01:14:12]} {[%emt 00:01:37]} 16. Rac1 {[%clk
01:10:20]} {[%emt 00:03:47]} a6 {[%clk 00:47:31]} {[%emt 00:27:11]} 17. Bc2
{[%clk 01:03:24]} {[%emt 00:07:26]} Bxc2 {[%clk 00:33:47]} {[%emt 00:14:14]}
18. Rxc2 {[%clk 01:02:18]} {[%emt 00:01:36]} Nd7 {[%clk 00:25:43]} {[%emt
00:08:33]} 19. Ne4 {[%clk 00:54:00]} {[%emt 00:08:49]} Qb8 {[%clk 00:26:07]}
{[%emt 00:00:05]} 20. Nxd7 {[%clk 00:51:22]} {[%emt 00:03:09]} Rxd7 {[%clk
00:26:18]} {[%emt 00:00:19]} 21. Nc5 {[%clk 00:46:17]} {[%emt 00:05:36]} Rdd8
{[%clk 00:22:56]} {[%emt 00:03:51]} 22. Bd2 {[%clk 00:37:56]} {[%emt 00:08:51]}
Nc7 {[%clk 00:14:04]} {[%emt 00:09:22]} 23. Bf4 {[%clk 00:27:20]} {[%emt
00:11:06]} Bd6 {[%clk 00:14:12]} {[%emt 00:00:15]} 24. Qg4 {[%clk 00:25:17]}
{[%emt 00:02:40]} Bxf4 {[%clk 00:08:40]} {[%emt 00:06:03]} 25. Qxf4 {[%clk
00:25:16]} {[%emt 00:00:31]} b6 {[%clk 00:09:03]} {[%emt 00:00:06]} 26. Nd3
{[%clk 00:20:18]} {[%emt 00:05:28]} Nd5 {[%clk 00:09:28]} {[%emt 00:00:04]} 27.
Qf3 {[%clk 00:17:08]} {[%emt 00:03:41]} Rc8 {[%clk 00:07:43]} {[%emt 00:02:15]}
28. Rcd2 {[%clk 00:16:03]} {[%emt 00:01:35]} Qd6 {[%clk 00:07:55]} {[%emt
00:00:18]} 29. Ne5 {[%clk 00:14:27]} {[%emt 00:02:07]} f6 {[%clk 00:07:52]}
{[%emt 00:00:32]} 30. Ng4 {[%clk 00:13:35]} {[%emt 00:01:21]} Rfd8 {[%clk
00:07:27]} {[%emt 00:00:55]} 31. Ne3 {[%clk 00:12:59]} {[%emt 00:01:07]} Rd7
{[%clk 00:07:06]} {[%emt 00:00:51]} 32. Qe2 {[%clk 00:10:52]} {[%emt 00:02:36]}
b5 {[%clk 00:06:06]} {[%emt 00:01:29]} 33. Rc2 {[%clk 00:09:17]} {[%emt
00:02:06]} Rdc7 {[%clk 00:05:23]} {[%emt 00:01:13]} 34. Rdc1 {[%clk 00:06:34]}
{[%emt 00:03:14]} Nb4 {[%clk 00:03:37]} {[%emt 00:02:15]} 35. Rxc7 {[%clk
00:06:00]} {[%emt 00:01:05]} Rxc7 {[%clk 00:04:03]} {[%emt 00:00:05]} 36. Rxc7
{[%clk 00:06:05]} {[%emt 00:00:24]} Qxc7 {[%clk 00:04:26]} {[%emt 00:00:07]}
37. a3 {[%clk 00:05:52]} {[%emt 00:00:43]} Nc6 {[%clk 00:01:18]} {[%emt
00:03:37]} 38. d5 {[%clk 00:04:36]} {[%emt 00:01:47]} Nd4 {[%clk 00:01:42]}
{[%emt 00:00:02]} 39. Qd2 {[%clk 00:04:00]} {[%emt 00:01:10]} e5 {[%clk
00:02:05]} {[%emt 00:00:07]} 40. h3 {[%clk 00:03:06]} {[%emt 00:01:23]} Kf7
{[%clk 00:02:28]} {[%emt 00:00:07]} 41. Qd1 {[%clk 00:29:19]} {[%emt 00:04:17]}
g6 {[%clk 00:32:29]} {[%emt 00:00:29]} 42. g4 {[%clk 00:26:29]} {[%emt
00:03:20]} Ke7 {[%clk 00:29:08]} {[%emt 00:03:51]} 43. Kg2 {[%clk 00:26:19]}
{[%emt 00:00:41]} Kd6 {[%clk 00:25:32]} {[%emt 00:04:06]} 44. Qd2 {[%clk
00:23:02]} {[%emt 00:03:47]} a5 {[%clk 00:25:53]} {[%emt 00:00:08]} 45. Qd3
{[%clk 00:20:55]} {[%emt 00:02:35]} Qc1 {[%clk 00:25:03]} {[%emt 00:01:22]} 46.
b4 {[%clk 00:20:09]} {[%emt 00:01:17]} axb4 {[%clk 00:23:02]} {[%emt 00:02:31]}
47. axb4 {[%clk 00:20:31]} {[%emt 00:00:08]} Qb2 {[%clk 00:23:25]} {[%emt
00:00:06]} 48. Qd1 {[%clk 00:19:25]} {[%emt 00:01:33]} Ne2 {[%clk 00:15:58]}
{[%emt 00:08:00]} 49. Qe1 {[%clk 00:14:09]} {[%emt 00:05:46]} Nf4+ {[%clk
00:16:13]} {[%emt 00:00:15]} 50. Kg3 {[%clk 00:14:12]} {[%emt 00:00:22]} Nd3
{[%clk 00:13:36]} {[%emt 00:03:12]} 51. Qf1 {[%clk 00:13:47]} {[%emt 00:00:55]}
e4 {[%clk 00:13:52]} {[%emt 00:00:14]} 52. h4 {[%clk 00:13:02]} {[%emt
00:01:14]} Qe5+ {[%clk 00:13:02]} {[%emt 00:01:21]} 53. Kg2 {[%clk 00:13:07]}
{[%emt 00:00:24]} f5 {[%clk 00:10:33]} {[%emt 00:03:00]} 54. gxf5 {[%clk
00:11:09]} {[%emt 00:02:28]} gxf5 {[%clk 00:10:51]} {[%emt 00:00:13]} 55. Qb1
{[%clk 00:09:19]} {[%emt 00:02:20]} f4 {[%clk 00:10:55]} {[%emt 00:00:25]} 56.
Ng4 {[%clk 00:08:08]} {[%emt 00:01:40]} Qf5 {[%clk 00:10:43]} {[%emt 00:00:42]}
57. f3 {[%clk 00:05:44]} {[%emt 00:02:55]} exf3+ {[%clk 00:11:06]} {[%emt
00:00:07]} 58. Kf1 {[%clk 00:05:54]} {[%emt 00:00:21]} Qxg4 {[%clk 00:11:31]}
{[%emt 00:00:05]} 59. Qxd3 {[%clk 00:06:07]} {[%emt 00:00:15]} Qg2+ {[%clk
00:11:48]} {[%emt 00:00:13]} 60. Ke1 {[%clk 00:06:34]} {[%emt 00:00:04]} f2+
{[%clk 00:12:10]} {[%emt 00:00:08]} 0-1

[Event "DEM U14 2024"]
[Site "Willingen GER"]
[Date "2024.05.24"]
[Round "8"]
[White "Hellenbroich, Hanno"]
[Black "Herrmann, Jakob"]
[Result "0-1"]
[Termination "normal"]
[Board "16"]
[WhiteElo "1739"]
[BlackElo "2060"]
[WhiteClock "00:48:27"]
[BlackClock "01:10:41"]
[PlyCount "48"]
[WhiteFideId "16270762"]
[BlackFideId "16287169"]
[EventCountry "GER"]
[EventRounds "9"]
[EventType "swiss"]
[EventDate "2024.05.18"]

1. e4 {[%clk 01:30:37]} {[%emt 00:00:23]} c6 {[%clk 01:30:31]} {[%emt
00:00:30]} 2. d4 {[%clk 01:30:44]} {[%emt 00:00:23]} d5 {[%clk 01:30:55]}
{[%emt 00:00:05]} 3. exd5 {[%clk 01:31:11]} {[%emt 00:00:04]} cxd5 {[%clk
01:31:22]} {[%emt 00:00:04]} 4. c4 {[%clk 01:31:37]} {[%emt 00:00:03]} Nf6
{[%clk 01:31:43]} {[%emt 00:00:08]} 5. Nc3 {[%clk 01:31:35]} {[%emt 00:00:32]}
e6 {[%clk 01:32:07]} {[%emt 00:00:06]} 6. c5 {[%clk 01:23:35]} {[%emt
00:08:30]} Be7 {[%clk 01:30:18]} {[%emt 00:02:19]} 7. Nf3 {[%clk 01:22:52]}
{[%emt 00:01:13]} O-O {[%clk 01:30:28]} {[%emt 00:00:21]} 8. Bd3 {[%clk
01:21:47]} {[%emt 00:01:35]} b6 {[%clk 01:30:46]} {[%emt 00:00:11]} 9. cxb6
{[%clk 01:21:10]} {[%emt 00:01:07]} Qxb6 {[%clk 01:29:55]} {[%emt 00:01:21]}
10. a3 {[%clk 01:15:51]} {[%emt 00:05:49]} Ba6 {[%clk 01:29:54]} {[%emt
00:00:31]} 11. Bc2 {[%clk 01:16:12]} {[%emt 00:00:10]} Rc8 {[%clk 01:27:40]}
{[%emt 00:02:44]} 12. Rb1 {[%clk 01:06:09]} {[%emt 00:10:33]} Nbd7 {[%clk
01:18:43]} {[%emt 00:09:26]} 13. Be3 {[%clk 01:00:28]} {[%emt 00:06:11]} Qc7
{[%clk 01:13:04]} {[%emt 00:06:09]} 14. Bd2 {[%clk 00:55:49]} {[%emt 00:05:10]}
e5 {[%clk 01:09:14]} {[%emt 00:04:20]} 15. dxe5 {[%clk 00:54:41]} {[%emt
00:01:37]} Nxe5 {[%clk 01:09:38]} {[%emt 00:00:06]} 16. Nxe5 {[%clk 00:54:40]}
{[%emt 00:00:31]} Qxe5+ {[%clk 01:10:02]} {[%emt 00:00:06]} 17. Be3 {[%clk
00:48:33]} {[%emt 00:06:38]} Bc5 {[%clk 01:10:15]} {[%emt 00:00:17]} 18. Ne2
{[%clk 00:48:26]} {[%emt 00:00:36]} Bxe3 {[%clk 01:10:25]} {[%emt 00:00:21]}
19. fxe3 {[%clk 00:48:54]} {[%emt 00:00:01]} Qxe3 {[%clk 01:10:46]} {[%emt
00:00:09]} 20. Ba4 {[%clk 00:48:57]} {[%emt 00:00:28]} Re8 {[%clk 01:09:10]}
{[%emt 00:02:06]} 21. Bxe8 {[%clk 00:47:46]} {[%emt 00:01:40]} Rxe8 {[%clk
01:09:25]} {[%emt 00:00:15]} 22. Qd2 {[%clk 00:47:51]} {[%emt 00:00:25]} Qxe2+
{[%clk 01:09:49]} {[%emt 00:00:06]} 23. Qxe2 {[%clk 00:48:08]} {[%emt
00:00:13]} Rxe2+ {[%clk 01:10:15]} {[%emt 00:00:04]} 24. Kd1 {[%clk 00:48:27]}
{[%emt 00:00:11]} Ng4 {[%clk 01:10:41]} {[%emt 00:00:05]} 0-1

[Event "DEM U14 2024"]
[Site "Willingen GER"]
[Date "2024.05.24"]
[Round "8"]
[White "Li, Luxuan"]
[Black "Nönnig, Jakob"]
[Result "0-1"]
[Termination "normal"]
[Board "17"]
[WhiteElo "1709"]
[BlackElo "1990"]
[WhiteClock "00:00:55"]
[BlackClock "00:28:05"]
[PlyCount "68"]
[WhiteFideId "34617507"]
[BlackFideId "16289447"]
[EventCountry "GER"]
[EventRounds "9"]
[EventType "swiss"]
[EventDate "2024.05.18"]

1. e4 {[%clk 01:30:55]} {[%emt 00:00:06]} e5 {[%clk 01:30:53]} {[%emt
00:00:06]} 2. Nf3 {[%clk 01:31:24]} {[%emt 00:00:01]} Nc6 {[%clk 01:31:10]}
{[%emt 00:00:12]} 3. Bc4 {[%clk 01:31:48]} {[%emt 00:00:06]} Bc5 {[%clk
01:31:31]} {[%emt 00:00:10]} 4. b4 {[%clk 01:32:13]} {[%emt 00:00:05]} Bxb4
{[%clk 01:31:50]} {[%emt 00:00:13]} 5. c3 {[%clk 01:32:39]} {[%emt 00:00:02]}
Ba5 {[%clk 01:32:08]} {[%emt 00:00:11]} 6. d4 {[%clk 01:32:29]} {[%emt
00:00:40]} d6 {[%clk 01:32:07]} {[%emt 00:00:32]} 7. Qb3 {[%clk 01:32:22]}
{[%emt 00:00:37]} Qd7 {[%clk 01:31:49]} {[%emt 00:00:48]} 8. Bb5 {[%clk
01:31:32]} {[%emt 00:01:20]} a6 {[%clk 01:21:06]} {[%emt 00:11:13]} 9. Bxc6
{[%clk 01:29:27]} {[%emt 00:02:34]} Qxc6 {[%clk 01:21:19]} {[%emt 00:00:17]}
10. O-O {[%clk 01:29:40]} {[%emt 00:00:18]} exd4 {[%clk 01:19:52]} {[%emt
00:01:57]} 11. cxd4 {[%clk 01:29:07]} {[%emt 00:01:03]} Ne7 {[%clk 01:12:36]}
{[%emt 00:07:45]} 12. e5 {[%clk 01:21:57]} {[%emt 00:07:40]} d5 {[%clk
01:10:13]} {[%emt 00:02:53]} 13. Ba3 {[%clk 01:19:50]} {[%emt 00:02:36]} Bb6
{[%clk 01:03:26]} {[%emt 00:07:18]} 14. Rc1 {[%clk 01:03:55]} {[%emt 00:16:25]}
Qb5 {[%clk 00:59:13]} {[%emt 00:04:42]} 15. Qe3 {[%clk 01:01:50]} {[%emt
00:02:36]} Nf5 {[%clk 00:57:02]} {[%emt 00:02:41]} 16. Qf4 {[%clk 00:56:32]}
{[%emt 00:05:48]} Qa4 {[%clk 00:55:21]} {[%emt 00:02:12]} 17. g4 {[%clk
00:39:07]} {[%emt 00:17:54]} Nxd4 {[%clk 00:31:23]} {[%emt 00:24:29]} 18. Kg2
{[%clk 00:35:10]} {[%emt 00:04:26]} Bd7 {[%clk 00:30:55]} {[%emt 00:00:58]} 19.
Qg5 {[%clk 00:23:52]} {[%emt 00:11:48]} f6 {[%clk 00:30:30]} {[%emt 00:00:56]}
20. Qxg7 {[%clk 00:20:33]} {[%emt 00:03:49]} O-O-O {[%clk 00:30:46]} {[%emt
00:00:13]} 21. Qxf6 {[%clk 00:14:02]} {[%emt 00:07:02]} Bxg4 {[%clk 00:26:03]}
{[%emt 00:05:13]} 22. Qxb6 {[%clk 00:06:20]} {[%emt 00:08:12]} Bxf3+ {[%clk
00:26:22]} {[%emt 00:00:11]} 23. Kf1 {[%clk 00:02:37]} {[%emt 00:04:13]} Be2+
{[%clk 00:26:28]} {[%emt 00:00:23]} 24. Ke1 {[%clk 00:01:51]} {[%emt 00:01:16]}
Nc2+ {[%clk 00:26:34]} {[%emt 00:00:25]} 25. Rxc2 {[%clk 00:02:02]} {[%emt
00:00:19]} Qxc2 {[%clk 00:26:58]} {[%emt 00:00:06]} 26. Qd4 {[%clk 00:02:06]}
{[%emt 00:00:26]} Rhg8 {[%clk 00:26:36]} {[%emt 00:00:52]} 27. Nd2 {[%clk
00:01:28]} {[%emt 00:01:08]} Rg1+ {[%clk 00:26:58]} {[%emt 00:00:08]} 28. Kxe2
{[%clk 00:01:46]} {[%emt 00:00:12]} Rxa1 {[%clk 00:26:51]} {[%emt 00:00:37]}
29. Qxa1 {[%clk 00:02:12]} {[%emt 00:00:05]} d4 {[%clk 00:26:55]} {[%emt
00:00:26]} 30. Qb2 {[%clk 00:01:39]} {[%emt 00:01:02]} Qf5 {[%clk 00:26:55]}
{[%emt 00:00:30]} 31. Kf1 {[%clk 00:00:55]} {[%emt 00:01:15]} Qd3+ {[%emt
00:00:35]} 32. Ke1 {[%clk 00:01:17]} {[%emt 00:00:09]} Rg8 {[%clk 00:27:13]}
{[%emt 00:00:05]} 33. f4 {[%clk 00:00:35]} {[%emt 00:01:12]} Rg1+ {[%clk
00:27:38]} {[%emt 00:00:05]} 34. Kf2 {[%clk 00:00:55]} {[%emt 00:00:09]} Qe3#
{[%clk 00:28:05]} {[%emt 00:00:04]} 0-1